| 000 | 00438nam a2200157 i 4500 | ||
|---|---|---|---|
| 001 | 58323 | ||
| 003 | ES-MaACL | ||
| 005 | 20230906163759.0 | ||
| 007 | t| | ||
| 008 | 031021s1961 sp ||||1| spa d | ||
| 100 | 1 |
_aDurán y Tortajada, Enrique. _946242 |
|
| 245 | 1 | 3 |
_aLa crónica viajera / _cEnrique Durán y Tortajada. |
| 260 |
_aValencia : _bVives Mora, _c[1961] |
||
| 300 |
_a161 p. ; _c18 cm. |
||
| 852 |
_aES-MaACL _jG-8736 _bR.48264 |
||
| 999 |
_c58323 _d58323 |
||